Color Atlas of Human Dissection (Record no. 515)

MARC details
000 -LEADER
fixed length control field 00763cam a2200265 a 4500
001 - CONTROL NUMBER
control field 4801629
003 - CONTROL NUMBER IDENTIFIER
control field OSt
005 - DATE AND TIME OF LATEST TRANSACTION
control field 20180424132029.0
008 - FIXED-LENGTH DATA ELEMENTS--GENERAL INFORMATION
fixed length control field 880509s1988 ilua b 001 0 eng c
010 ## - LIBRARY OF CONGRESS CONTROL NUMBER
LC control number 88017122
020 ## - INTERNATIONAL STANDARD BOOK NUMBER
International Standard Book Number 0815116608
040 ## - CATALOGING SOURCE
Original cataloging agency DNLM/DLC
Transcribing agency DLC
Modifying agency DLC
050 10 - LIBRARY OF CONGRESS CALL NUMBER
Classification number QM25
Item number .C478 1988
060 ## - NATIONAL LIBRARY OF MEDICINE CALL NUMBER
Classification number QS 17 C559c
082 00 - DEWEY DECIMAL CLASSIFICATION NUMBER
Classification number QS 17 A95g 1991
Edition number 19
100 1# - MAIN ENTRY--PERSONAL NAME
Personal name Chumbley, C. C.; Hutchings, R.T.
9 (RLIN) 1330
245 10 - TITLE STATEMENT
Title Color Atlas of Human Dissection
260 ## - PUBLICATION, DISTRIBUTION, ETC. (IMPRINT)
Place of publication, distribution, etc. Chicago :
Name of publisher, distributor, etc. Year Book Medical Publishers,
Date of publication, distribution, etc. 1988.
300 ## - PHYSICAL DESCRIPTION
Extent 160 p. :
Other physical details col. ill. ;
Dimensions 31 cm.
504 ## - BIBLIOGRAPHY, ETC. NOTE
Bibliography, etc Bibliography,and index.
650 #0 - SUBJECT ADDED ENTRY--TOPICAL TERM
Topical term or geographic name as entry element Human anatomy
9 (RLIN) 168
650 #0 - SUBJECT ADDED ENTRY--TOPICAL TERM
Topical term or geographic name as entry element Human atlas
9 (RLIN) 1331
906 ## - LOCAL DATA ELEMENT F, LDF (RLIN)
a 7
b cbc
c orignew
d 1
e ocip
f 19
g y-gencatlg
942 ## - ADDED ENTRY ELEMENTS (KOHA)
Source of classification or shelving scheme Other/Generic Classification Scheme
Koha item type Short Loan
Holdings
Withdrawn status Lost status Source of classification or shelving scheme Damaged status Not for loan Home library Current library Date acquired Source of acquisition Inventory number Total Checkouts Full call number Barcode Date last seen Koha item type
    Other/Generic Classification Scheme     MUST Main Library MUST Main Library 25/09/2014 Purchase 97/10930   QS17 A95g 1991 2014-2977 25/09/2014 Short Loan